Statistiken für Trainer der Bundesliga 2008/09

Klicken Sie hier um das Quiz zu spielen!

Allgemein

  • Dieses Quiz wurde 36 mal gespielt
  • Das Durchschnittsergebnis liegt bei 12 aus 18

Antwortstatistiken

#VereinAmtszeitTrainer% Korrekt
10Werder Bremen10.05.1999 - 14.05.2013Thomas Schaaf
97%
2Bayern München01.07.2008 - 27.04.2009Jürgen Klinsmann
97%
1VfL Wolfsburg13.06.2007 - 30.06.2009Felix Magath
94%
71899 Hoffenheim01.07.2006 - 31.12.2010Ralf Rangnick
91%
6Borussia Dortmund01.07.2008 - 30.06.2015Jürgen Klopp
88%
4Hertha BSC01.07.2007 - 27.09.2009Lucien Favre
79%
11Hannover 9611.09.2006 - 19.08.2009Dieter Hecking
79%
3VfB Stuttgart10.02.2006 - 22.11.2008Armin Veh
76%
9Bayer Leverkusen01.07.2008 - 30.06.2009Bruno Labbadia
73%
5Hamburger SV01.07.2008 - 30.06.2009Martin Jol
64%
13Eintracht Frankfurt01.07.2004 - 30.06.2009Friedhelm Funkel
64%
121. FC Köln27.11.2006 - 31.05.2009Christoph Daum
58%
14VfL Bochum01.07.2005 - 20.09.2009Marcel Koller
48%
18Arminia Bielefeld15.12.2007 - 17.05.2009Michael Frontzeck
48%
17Karlsruher SC13.01.2005 - 19.08.2009Edmund Becker
45%
8FC Schalke 0401.07.2008 - 26.03.2009Fred Rutten
36%
16Energie Cottbus28.09.2007 - 30.06.2009Bojan Prašnikar
33%
15Borussia Mönchengladbach01.02.2007 - 05.10.2008Jos Luhukay
30%

Verteilung der Resultate

Perzentil nach korrekt beantworteten Fragen

Anzahl Personen mit jedem Resultat

Ihre Resultats-Entwicklung

Sie haben dieses Quiz noch nicht gespielt